000 00836nmm a2200277 a 4500
003 AR-BaBNM
005 20251128211042.0
008 312020s1991 ||||||||||||||000 | spa||
020 _a0-304-31985-6
040 _cAR-BaBNM
100 1 _aWatts, Mike
245 1 0 _aThe science of problem-solving
_ba practical guide for science teachers
260 _aLondon
_bCassell
_c1991
300 0 _a160 p.
_bgráfs.
500 0 _aContiene índice alfabético de nombres
504 _aContiene referencias bibliográficas p. 148-155
650 4 _aENSENANZA DE LA CIENCIA
650 4 _aPROFESORES DE CIENCIAS
650 4 _aEXPERIMENTOS CIENTIFICOS
650 4 _aSOLUCION DE PROBLEMAS
650 4 _aORGANIZACION DEL CURSO
653 0 _aESTRATEGIAS DIDACTICAS
653 0 _aORGANIZACION CURRICULAR
942 _cBK
998 _craquel
999 _c18018
_d18018